Countries Most Similar To Greece - Statistics

General Stats
  • This quiz has been taken 165 times
  • The average score is 14 of 20
Answer Stats
Rank Country Score % Correct
1 Italy 79.6
98%
4 Spain 76.7
94%
6 Bulgaria 75.1
91%
2 Cyprus 78.9
87%
3 Portugal 77.0
87%
10 Serbia 73.5
84%
14 France 72.5
83%
9 Romania 73.8
83%
5 Croatia 76.2
79%
15 North Macedonia 71.8
76%
17 Germany 71.5
72%
7 Slovenia 74.8
69%
11 Montenegro 73.3
62%
12 Hungary 73.1
60%
19 Bosnia and Herzegovina 70.5
59%
8 Austria 74.0
56%
16 Poland 71.6
55%
13 Slovakia 72.8
55%
18 Czech Republic 71.2
49%
20 Latvia 70.1
22%
No matching quizzes found
Score Distribution
Percent of People with Each Score
Percentile by Number Answered
Your Score History
You have not taken this quiz